| 000 | 00943cab a2200265 4500 | ||
|---|---|---|---|
| 001 | ABS46822 | ||
| 008 | 090401t1992 xxu||||| |||| 00| 0 eng d | ||
| 035 | _a(Sirsi) u59584 | ||
| 041 | _aeng | ||
| 245 | _aSurvival of the species | ||
| 260 | _c1992 | ||
| 350 | _a0 | ||
| 490 |
_aBuilding _v257(7754) 17 July 1992, 20-22(3) |
||
| 520 | _aDiscusses the RIBA publication "Strategic study of the profeession" which examines the future of the architectural profession including an interview with the author Frank Duffy and focusing on the effects of compulsory competitive fee tendering. (See Abs) | ||
| 650 | _aARCHITECTS | ||
| 650 | _aCOMPULSORY COMPETITIVE FEE TENDERING | ||
| 650 | _aCOMPULSORY COMPETITIVE TENDERING | ||
| 650 | _aFEE TENDERING | ||
| 650 | _aFUTURE | ||
| 650 | _aPROFESSIONS | ||
| 650 | _aPUBLIC IMAGE | ||
| 690 | _aMANAGEMENT-BUSINESS MANAGEMENT-PROFESSIONAL PRACTICE | ||
| 942 | _n0 | ||
| 948 | _c04/03/1997 | ||
| 999 |
_c36573 _d36573 |
||